Developing global new products : challenges to U.S. competitiveness
This product is not a traditionally bound book. Many ProQuest UMI products are black-and-white reproductions of original publications produced through the Books On Demand ® program. Alternately, this product may be a photocopy of a dissertation or it may be a collection reproduced on microfiche or m...
Gespeichert in:
| 1. Verfasser: | |
|---|---|
| Format: | Buch |
| Sprache: | Undetermined |
| Veröffentlicht: |
Ann Arbor, Mich.
UMI Research Press
1987
|
| Schlagworte: | |
| Tags: |
Tag hinzufügen
Keine Tags, Fügen Sie den ersten Tag hinzu!
|
| Thư viện lưu trữ: | Trung tâm Học liệu Trường Đại học Cần Thơ |
|---|
| LEADER | 00943nam a2200217Ia 4500 | ||
|---|---|---|---|
| 001 | CTU_94199 | ||
| 008 | 210402s9999 xx 000 0 und d | ||
| 082 | |a 658.575 | ||
| 082 | |b N468 | ||
| 100 | |a Nest, Dean G. Van | ||
| 245 | 0 | |a Developing global new products : | |
| 245 | 0 | |b challenges to U.S. competitiveness | |
| 245 | 0 | |c Dean G. Van Nest. | |
| 260 | |a Ann Arbor, Mich. | ||
| 260 | |b UMI Research Press | ||
| 260 | |c 1987 | ||
| 520 | |a This product is not a traditionally bound book. Many ProQuest UMI products are black-and-white reproductions of original publications produced through the Books On Demand ® program. Alternately, this product may be a photocopy of a dissertation or it may be a collection reproduced on microfiche or microfilm if it is intended for library purchase. | ||
| 650 | |a New products,New products | ||
| 650 | |x Management | ||
| 904 | |i Năm | ||
| 980 | |a Trung tâm Học liệu Trường Đại học Cần Thơ | ||